[Event "4NCL 2021-22"]
[Site "England"]
[Date "2022.02.13"]
[Round "4.76"]
[White "Pedersen, Carsten"]
[Black "Henderson, David"]
[Result "0-1"]
[WhiteElo "2096"]
[BlackElo "2108"]
[Annotator "NA"]
[PlyCount "126"]
[EventDate "2021.11.27"]
[EventType "team-tourn"]
[EventCountry "ENG"]
[SourceTitle "playchess.com"]
[Source "ChessBase"]
[SourceQuality "1"]
[TimeControl "40/6000+30:3000+30"]

1. e4 {[%emt 0:00:02]} e5 {[%emt 0:00:06]} 2. Nc3 {[%emt 0:00:04]} Nf6 {[%emt 0:00:08]} 3. Bc4 {[%emt 0:00:04]} Nc6 {[%emt 0:02:41]} 4. d3 {[%emt 0:00:09]} Na5 {[%emt 0:01:04]} 5. Bb3 {[%emt 0:00:07]} Nxb3 {[%emt 0:00:08]} 6. axb3 {[%emt 0:00:05]} d5 {[%emt 0:00:15]} 7. exd5 {[%emt 0:00:04] 7.Nf3 gains popularity.} Nxd5 {[%emt 0:03:42]} 8. Qh5 {[%emt 0:06:36]} Nb4 {[%emt 0:14:35]} 9. Qxe5+ {[%emt 0:03:09]} Be7 {[%emt 0:00:06]} 10. Qe2 {[%emt 0:00:04]} O-O {[%emt 0:00:35]} 11. Qd1 {[%emt 0:00:09] [#]} Bg4 $146 {[%emt 0:02:43]} ({Predecessor:} 11... Re8 12. Nge2 b6 13. O-O Bb7 14. Be3 Qd7 15. Qd2 a5 16. Rae1 Rad8 17. f3 Bf8 {1-0 (38) Ivanchuk,V (2769)-Chadaev,N (2580) Astana 2012}) 12. Nge2 {[%emt 0:01:26]} Qd7 {[%emt 0:06:44]} 13. Be3 {[%emt 0:07:44]} Rfe8 {[%emt 0:08:35]} 14. O-O {[%emt 0:04:12]} c5 {[%emt 0:03:29]} 15. Qd2 {[%emt 0:22:28]} b6 {[%emt 0:04:27]} 16. Rae1 {[%emt 0:20:07]} Rad8 {[%emt 0:02:24]} 17. Ng3 {[%emt 0:14:29]} Bd6 {[%emt 0:12:35]} 18. Nge4 {[%emt 0:02:43]} Bb8 {[%emt 0:05:22]} 19. Bg5 {[%emt 0:04:47]} Rc8 {[%emt 0:00:57]} 20. Ng3 {[%emt 0:03:44]} f6 {[%emt 0:00:54]} 21. Rxe8+ {[%emt 0:00:56]} Rxe8 {[%emt 0:00:12]} 22. Be3 {[%emt 0:00:11]} h5 {[%emt 0:01:54]} 23. f3 {[%emt 0:09:47]} h4 {[%emt 0:01:08]} 24. Nge2 {[%emt 0:01:18]} Bf5 {[%emt 0:00:35]} 25. Bf4 {[%emt 0:00:18]} Bxf4 {[%emt 0:01:38]} 26. Nxf4 {[%emt 0:00:31]} Nxc2 {[%emt 0:02:31]} 27. Qxc2 {[%emt 0:02:42]} Qd4+ {[%emt 0:00:07]} 28. Qf2 {[%emt 0:00:09]} Qxf4 {[%emt 0:00:08]} 29. Re1 {[%emt 0:00:04]} Rxe1+ {[%emt 0:06:40]} 30. Qxe1 {[%emt 0:00:02]} Bxd3 {[%emt 0:10:35]} 31. Qe8+ {[%emt 0:02:34]} Kh7 {[%emt 0:00:11]} 32. h3 {[%emt 0:00:10]} Bg6 {[%emt 0:01:24]} 33. Qe1 {[%emt 0:02:02]} Bc2 {[%emt 0:07:35]} 34. Qe8 {[%emt 0:03:38]} Bg6 {[%emt 0:05:45]} 35. Qe1 {[%emt 0:00:38]} Kh6 {[%emt 0:01:27]} 36. Qd1 {[%emt 0:00:37]} Qd4+ {[%emt 0:03:14]} 37. Qxd4 {[%emt 0:00:08]} cxd4 {[%emt 0:00:04]} 38. Nb5 {[%emt 0:00:42]} d3 {[%emt 0:00:35]} 39. Kf2 {[%emt 0:00:01]} Kg5 {[%emt 0:00:14]} 40. Ke3 {[%emt 0:00:45]} d2 {[%emt 0:00:41]} 41. f4+ {[%emt 0:50:05]} Kh5 {[%emt 0:50:34]} 42. Nc3 {[%emt 0:00:00]} Bc2 {[%emt 0:00:00]} (42... Be8 $142 43. Nd1 Bc6) 43. Kxd2 {[%emt 0:00:00]} Bxb3 {[%emt 0:00:00]} 44. Ke3 {[%emt 0:00:00]} Bc4 {[%emt 0:00:00]} 45. Ke4 {[%emt 0:00:00]} Ba6 {[%emt 0:00:00]} 46. Kf3 {[%emt 0:00:00]} Bb7+ {[%emt 0:00:00]} 47. Kf2 {[%emt 0:00:00]} Bc6 {[%emt 0:00:00]} 48. Nd1 {[%emt 0:00:00]} Kg6 {[%emt 0:00:00]} 49. Ne3 {[%emt 0:00:00]} Be4 {[%emt 0:00:00]} 50. Ke2 {[%emt 0:00:00]} Kf7 {[%emt 0:00:00]} 51. Kd2 {[%emt 0:00:00]} Ke6 {[%emt 0:00:00]} 52. Kc3 {[%emt 0:00:00]} Kd6 {[%emt 0:00:00]} 53. Kd4 $19 {[%emt 0:00:00]} Bb1 {[%emt 0:00:00]} (53... f5 $142 54. Nc4+ Ke7) 54. Nf1 {[%emt 0:00:00]} Ke6 {[%emt 0:00:00]} 55. Ne3 {[%emt 0:00:00]} g5 {[%emt 0:00:00]} 56. fxg5 {[%emt 0:00:00]} fxg5 {[%emt 0:00:00]} 57. Nc4 {[%emt 0:00:00]} Ba2 {[%emt 0:00:00]} 58. Ne3 {[%emt 0:00:00]} a5 {[%emt 0:00:00]} 59. Ke4 {[%emt 0:00:00]} Bb3 {[%emt 0:00:32]} 60. Kd4 {[%emt 0:00:00]} Ba2 {[%emt 0:00:52]} 61. Ke4 {[%emt 0:00:00]} b5 {[%emt 0:02:39]} 62. Kd4 {[%emt 0:00:00]} b4 {[%emt 0:00:29]} 63. Kc5 {[%emt 0:08:38]} Ke5 {[%emt 0:00:19]} 0-1

[Event "4NCL 2021-22"]
[Site "England"]
[Date "2022.02.13"]
[Round "4.77"]
[White "Dargan, Paul A G"]
[Black "Stevenson, James"]
[Result "1/2-1/2"]
[WhiteElo "2127"]
[BlackElo "2108"]
[Annotator "ChessBase"]
[PlyCount "81"]
[EventDate "2021.11.27"]
[EventType "team-tourn"]
[EventCountry "ENG"]
[SourceTitle "playchess.com"]
[Source "ChessBase"]
[SourceQuality "1"]
[TimeControl "40/6000+30:3000+30"]

1. e4 {[%emt 0:05:37]} e5 {[%emt 0:00:48]} 2. Nf3 {[%emt 0:00:10]} d6 {[%emt 0:00:12]} 3. d4 {[%emt 0:00:15]} exd4 {[%emt 0:00:38]} 4. Nxd4 {[%emt 0:00:05]} g6 {[%emt 0:00:43]} 5. Nc3 {[%emt 0:00:48]} Bg7 {[%emt 0:00:49]} 6. Be3 {[%emt 0:05:55]} Nf6 {[%emt 0:02:36]} 7. f3 {[%emt 0:18:35]} O-O {[%emt 0:03:53]} 8. Bc4 {[%emt 0:01:54]} Nc6 {[%emt 0:05:15]} 9. Qd2 {[%emt 0:01:37]} Bd7 {[%emt 0:07:25]} 10. O-O-O {[%emt 0:01:38]} a6 {[%emt 0:05:04]} 11. Bh6 {[%emt 0:08:29]} b5 {[%emt 0:07:26]} 12. Bxg7 {[%emt 0:03:48]} Kxg7 {[%emt 0:00:15]} 13. Bd5 {[%emt 0:15:47]} Nxd5 {[%emt 0:10:33]} 14. Nxc6 {[%emt 0:13:39]} Bxc6 {[%emt 0:01:41]} 15. Nxd5 {[%emt 0:03:26]} Bxd5 {[%emt 0:00:57]} 16. Qxd5 {[%emt 0:00:25]} Re8 {[%emt 0:04:32]} 17. h4 {[%emt 0:06:29]} Qf6 {[%emt 0:08:37]} 18. h5 {[%emt 0:01:58]} Qe6 {[%emt 0:04:24]} 19. Qd4+ {[%emt 0:04:25]} Qe5 {[%emt 0:01:23]} 20. Qe3 {[%emt 0:00:52]} g5 {[%emt 0:06:50]} 21. Rhe1 {[%emt 0:05:08]} Qf4 {[%emt 0:06:56]} 22. Qxf4 {[%emt 0:02:20]} gxf4 {[%emt 0:00:16]} 23. Rh1 {[%emt 0:00:36]} Re6 {[%emt 0:03:11]} 24. Rh4 {[%emt 0:00:01]} Rf6 {[%emt 0:01:05]} 25. Rg4+ {[%emt 0:00:07]} Kf8 {[%emt 0:01:46]} 26. Rh1 {[%emt 0:01:04]} Re8 {[%emt 0:01:08]} 27. Rhh4 {[%emt 0:01:47]} Re5 {[%emt 0:00:32]} 28. h6 {[%emt 0:00:40]} Ree6 {[%emt 0:00:32]} 29. Rxf4 {[%emt 0:00:21]} Rxf4 {[%emt 0:00:47]} 30. Rxf4 {[%emt 0:00:01]} Rxh6 {[%emt 0:00:18]} 31. Kd2 {[%emt 0:00:10]} Rh2 {[%emt 0:01:04]} 32. Rg4 {[%emt 0:00:06]} h5 {[%emt 0:01:08]} 33. Rg5 {[%emt 0:00:20]} h4 {[%emt 0:00:14]} 34. Kd3 {[%emt 0:00:23]} Ke7 {[%emt 0:01:12]} 35. a3 {[%emt 0:03:07]} h3 {[%emt 0:01:14]} 36. gxh3 {[%emt 0:00:05]} Rxh3 {[%emt 0:00:07]} 37. Rf5 {[%emt 0:00:13]} Rh2 {[%emt 0:00:38]} 38. b3 {[%emt 0:00:56]} Rh1 {[%emt 0:04:06]} 39. a4 {[%emt 0:01:02]} c6 {[%emt 0:00:38]} 40. axb5 {[%emt 0:04:06]} axb5 {[%emt 0:00:18]} 41. b4 {[%emt 0:12:16]} 1/2-1/2

[Event "4NCL 2021-22"]
[Site "England"]
[Date "2022.02.13"]
[Round "4.78"]
[White "Franco, Gaston"]
[Black "Izod, Chris"]
[Result "1-0"]
[WhiteElo "2037"]
[BlackElo "2065"]
[Annotator "ChessBase"]
[PlyCount "69"]
[EventDate "2021.11.27"]
[EventType "team-tourn"]
[EventCountry "ENG"]
[SourceTitle "playchess.com"]
[Source "ChessBase"]
[SourceQuality "1"]
[TimeControl "40/6000+30:3000+30"]

1. e4 {[%emt 0:00:03]} e6 {[%emt 0:00:24]} 2. d4 {[%emt 0:00:12]} d5 {[%emt 0:00:04]} 3. Nd2 {[%emt 0:00:09]} c5 {[%emt 0:02:47]} 4. exd5 {[%emt 0:00:15]} Qxd5 {[%emt 0:00:05]} 5. Ngf3 {[%emt 0:00:04]} Nf6 {[%emt 0:00:57]} 6. Bc4 {[%emt 0:01:21]} Qd6 {[%emt 0:00:12]} 7. O-O {[%emt 0:00:47]} cxd4 {[%emt 0:00:07]} 8. Nb3 {[%emt 0:00:08]} Nc6 {[%emt 0:00:10]} 9. Nbxd4 {[%emt 0:00:15]} Nxd4 {[%emt 0:00:07]} 10. Nxd4 {[%emt 0:00:05]} Be7 {[%emt 0:00:09]} 11. Re1 {[%emt 0:01:02]} O-O {[%emt 0:00:16]} 12. c3 {[%emt 0:05:59]} Bd7 {[%emt 0:15:34]} 13. Qf3 {[%emt 0:03:19]} Rac8 {[%emt 0:07:32]} 14. Bf4 {[%emt 0:07:26]} Qc5 {[%emt 0:14:05]} 15. Bb3 {[%emt 0:00:54]} Bc6 {[%emt 0:09:35]} 16. Qh3 {[%emt 0:00:32]} Bd5 {[%emt 0:25:31]} 17. Bc2 {[%emt 0:04:55]} g6 {[%emt 0:01:55]} 18. Re3 {[%emt 0:07:00]} Nh5 {[%emt 0:05:48]} 19. Bh6 {[%emt 0:18:05]} Rfe8 {[%emt 0:00:29]} 20. Rae1 {[%emt 0:08:12]} Ng7 {[%emt 0:07:36]} 21. g4 {[%emt 0:07:29]} Bf6 {[%emt 0:06:50]} 22. Nf3 {[%emt 0:12:12]} b5 {[%emt 0:06:03]} 23. Ne5 {[%emt 0:06:51]} Qc7 {[%emt 0:02:50]} 24. Bf4 {[%emt 0:06:00]} Qe7 {[%emt 0:00:55]} 25. Qh6 {[%emt 0:00:28]} Bxe5 {[%emt 0:01:08]} 26. Bxe5 {[%emt 0:01:44]} f6 {[%emt 0:00:14]} 27. Rh3 {[%emt 0:00:30]} Nh5 {[%emt 0:00:44]} 28. gxh5 {[%emt 0:01:06]} fxe5 {[%emt 0:00:02]} 29. hxg6 {[%emt 0:00:13]} Qg7 {[%emt 0:01:37]} 30. Qg5 {[%emt 0:00:10]} Qe7 {[%emt 0:00:49]} 31. Qxe5 {[%emt 0:00:48]} Qg7 {[%emt 0:00:15]} 32. Rxh7 {[%emt 0:01:53]} Qxe5 {[%emt 0:00:03]} 33. Rxe5 {[%emt 0:00:07]} Rc4 {[%emt 0:00:08]} 34. Rg5 {[%emt 0:00:53]} Bf3 {[%emt 0:00:58]} 35. g7 {[%emt 0:00:41]} 1-0

[Event "4NCL 2021-22"]
[Site "England"]
[Date "2022.02.13"]
[Round "4.79"]
[White "Smith, Lynda"]
[Black "Kelmendi, Bajrush"]
[Result "0-1"]
[WhiteElo "1826"]
[BlackElo "2086"]
[Annotator "NA"]
[PlyCount "94"]
[EventDate "2021.11.27"]
[EventType "team-tourn"]
[EventCountry "ENG"]
[SourceTitle "playchess.com"]
[Source "ChessBase"]
[SourceQuality "1"]
[TimeControl "40/6000+30:3000+30"]

1. f4 g6 2. Nf3 Bg7 3. g3 c5 4. Bg2 Nc6 5. O-O d5 6. d3 Nf6 7. c3 O-O 8. Qe1 b6 9. Nbd2 Ba6 10. h3 Qc7 11. Kh1 Rad8 12. Qf2 e5 13. fxe5 Nxe5 14. Nxe5 Qxe5 15. Nf3 Qd6 16. Bf4 {[%emt 0:00:59]} Qe7 {[%emt 0:00:26]} 17. Rae1 {[%emt 0:05:58]} Nh5 {[%emt 0:00:31]} 18. Bg5 {[%emt 0:02:25]} f6 {[%emt 0:00:26]} 19. Bc1 {[%emt 0:02:07]} Qd6 {[%emt 0:00:10]} 20. Kh2 {[%emt 0:01:17]} Rde8 {[%emt 0:00:34]} 21. Nh4 {[%emt 0:06:16]} f5 {[%emt 0:04:15]} 22. Bf3 {[%emt 0:04:25]} Nxg3 {[%emt 0:03:20]} 23. Qxg3 {[%emt 0:01:16]} Be5 {[%emt 0:00:09]} 24. Bxd5+ {[%emt 0:00:06]} Qxd5 {[%emt 0:03:59]} 25. Bf4 {[%emt 0:02:44]} Bxf4 {[%emt 0:00:26]} 26. Qxf4 {[%emt 0:01:35]} Qe5 {[%emt 0:01:09]} 27. Ng2 {[%emt 0:08:37]} g5 {[%emt 0:03:05]} 28. Qxe5 {[%emt 0:01:21]} Rxe5 {[%emt 0:00:10]} 29. h4 {[%emt 0:09:40]} h6 {[%emt 0:00:36]} 30. Kg3 {[%emt 0:03:16]} Kg7 {[%emt 0:00:32]} 31. c4 {[%emt 0:02:03]} Bb7 {[%emt 0:01:45]} 32. Kf2 {[%emt 0:02:03]} f4 {[%emt 0:01:06]} 33. Kg1 {[%emt 0:02:02]} Rfe8 {[%emt 0:01:40]} 34. Rf2 {[%emt 0:07:32]} f3 {[%emt 0:00:35]} 35. e4 {[%emt 0:00:25]} fxg2 {[%emt 0:00:19]} 36. Kxg2 {[%emt 0:00:14]} gxh4 {[%emt 0:01:04]} 37. Ref1 {[%emt 0:00:45]} R8e7 {[%emt 0:00:26]} 38. Kh3 {[%emt 0:00:33]} Rg5 {[%emt 0:00:40]} 39. Kxh4 {[%emt 0:00:53]} Bc8 {[%emt 0:00:35]} 40. Rf4 {[%emt 0:01:13]} Be6 {[%emt 0:00:21]} 41. a3 {[%emt 0:01:39]} Rf7 {[%emt 0:00:06]} 42. Rxf7+ {[%emt 0:00:53]} Bxf7 {[%emt 0:00:14]} 43. b4 {[%emt 0:00:18]} Be6 {[%emt 0:00:12]} 44. bxc5 {[%emt 0:01:34]} bxc5 {[%emt 0:00:12]} 45. Rf4 {[%emt 0:01:20]} a6 {[%emt 0:00:13]} 46. Rf2 {[%emt 0:01:50]} Rg4+ {[%emt 0:00:24]} 47. Kh5 {[%emt 0:00:29]} Rg3 {[%emt 0:00:31]} 0-1

[Event "4NCL 2021-22"]
[Site "England"]
[Date "2022.02.13"]
[Round "4.80"]
[White "Macleod, Andrew"]
[Black "Moreby, Kurt"]
[Result "1/2-1/2"]
[WhiteElo "1640"]
[BlackElo "1673"]
[Annotator "NA"]
[PlyCount "82"]
[EventDate "2021.11.27"]
[EventType "team-tourn"]
[EventCountry "ENG"]
[SourceTitle "playchess.com"]
[Source "ChessBase"]
[SourceQuality "1"]
[TimeControl "40/6000+30:3000+30"]

1. d4 d5 2. c4 e6 3. Nc3 c6 4. Nf3 dxc4 5. e4 b5 6. a4 Bb4 7. Bd2 a5 8. axb5 Bxc3 9. bxc3 cxb5 10. g3 Bb7 11. Qe2 h6 12. e5 Ne7 13. Bg2 Nd5 14. Rc1 Qc7 15. O-O O-O {[%emt 0:00:26]} 16. Rc2 {[%emt 0:03:23]} Nc6 {[%emt 0:08:18]} 17. Rfc1 {[%emt 0:03:46]} Ba6 {[%emt 0:03:23]} 18. Qe4 {[%emt 0:01:30]} Qe7 {[%emt 0:07:15]} 19. Qg4 {[%emt 0:02:04]} Kh7 {[%emt 0:08:36]} 20. Nh4 {[%emt 0:04:54]} g6 {[%emt 0:05:42]} 21. Be4 {[%emt 0:03:26]} Rg8 {[%emt 0:01:13]} 22. Qh3 {[%emt 0:00:40]} h5 {[%emt 0:05:56]} 23. Nf5 {[%emt 0:07:25]} exf5 {[%emt 0:04:33]} 24. Bxd5 {[%emt 0:00:06]} Qd7 {[%emt 0:04:42]} 25. Bf3 {[%emt 0:00:45]} Rg7 {[%emt 0:02:11]} 26. Bg5 {[%emt 0:03:08]} Kg8 {[%emt 0:01:42]} 27. Bf6 {[%emt 0:00:41]} Rh7 {[%emt 0:00:32]} 28. Qg2 {[%emt 0:02:20]} Rc8 {[%emt 0:02:38]} 29. Re1 {[%emt 0:01:02]} Nxd4 {[%emt 0:05:12]} 30. cxd4 {[%emt 0:01:02]} Qxd4 {[%emt 0:00:29]} 31. Bb7 {[%emt 0:00:49]} Bxb7 {[%emt 0:01:55]} 32. Qxb7 {[%emt 0:00:11]} Qc5 {[%emt 0:02:03]} 33. Rd1 {[%emt 0:01:56]} b4 {[%emt 0:08:46]} 34. Rd5 {[%emt 0:00:48]} Qf8 {[%emt 0:00:34]} 35. Rxa5 {[%emt 0:01:17]} b3 {[%emt 0:04:06]} 36. Rd2 {[%emt 0:01:27]} c3 {[%emt 0:01:01]} 37. Rd1 {[%emt 0:00:28]} c2 {[%emt 0:04:16]} 38. Rc1 {[%emt 0:05:01]} Rb8 {[%emt 0:00:58]} 39. Qc6 {[%emt 0:04:54]} b2 {[%emt 0:01:56]} 40. Qxc2 {[%emt 0:00:05]} bxc1=Q+ {[%emt 0:00:15]} 41. Qxc1 {[%emt 0:00:03]} Qb4 {[%emt 0:11:02]} 1/2-1/2

[Event "4NCL 2021-22"]
[Site "England"]
[Date "2022.03.26"]
[Round "5.1"]
[White "Shirov, Alexei"]
[Black "Wadsworth, Matthew J"]
[Result "1-0"]
[WhiteElo "2704"]
[BlackElo "2435"]
[Annotator "TA"]
[PlyCount "77"]
[EventDate "2021.11.27"]
[EventType "team-tourn"]
[EventCountry "ENG"]
[SourceTitle "playchess.com"]
[Source "ChessBase"]
[SourceQuality "1"]

{[%evp 11,77,30,43,21,25,22,62,21,8,17,37,56,30,0,0,-26,-27,-31,-32,-27,-14,-17,0,-66,0,0,2,0,0,-43,50,56,68,69,79,75,101,76,111,91,102,89,97,85,96,95,231,228,364,348,355,355,341,347,301,312,405,393,660,657,660,583,794,675,1330,1300,1069,1031]} 1. e4 c5 2. Nf3 e6 3. d4 cxd4 4. Nxd4 Nc6 5. Nc3 Qc7 6. Be3 a6 7. Qf3 {7.g4 is the modern continuation. B48: Sicilian: Taimanov: 5 Nc3 Qc7 6 Be3 a6 without Be2.} Ne5 8. Qg3 h5 9. f4 (9. Bf4 $14 {should be considered.} d6 10. O-O-O) 9... h4 $11 10. Qh3 Nc4 11. Bxc4 Qxc4 12. e5 $5 {[%mdl 4] Exploring less charted territory.} b5 $1 13. Nce2 Bb7 14. O-O {[#]} Ne7 $146 ({Predecessor:} 14... g6 15. b3 Qc7 16. c4 b4 17. Rad1 Ne7 18. Rd2 Nf5 19. Bf2 Be7 20. Rfd1 O-O-O {1-0 (32) Pulpan,J (2396)-Husek,M (2067) Kovarska 2016}) 15. b3 Qc7 16. c4 {Inhibits Nd5.} b4 17. f5 ({White should play} 17. Rad1 $11) 17... exf5 (17... Qxe5 $15 18. Rae1 g5 19. Bxg5 Rg8 20. Qxh4 Qe3+ $1 21. Bxe3 Rxg2+ 22. Kh1 Rg4+ 23. Nf3 Rxh4) 18. Nxf5 Nxf5 19. Qxf5 O-O-O $1 {[%cal Oh4h3] ...h3! is the strong threat.} 20. Nf4 (20. Rad1 $11) 20... Bc5 ({Black should try} 20... Re8 $1 $15 21. Nd3 (21. Qxf7 Qxe5 22. Rae1 Bd6 $17) 21... h3) 21. Rae1 $14 Bxe3+ 22. Rxe3 Qc5 23. Rfe1 $36 {[%mdl 2048] White is in control.} f6 24. Nd3 Qc6 {[%csl Gb7][%cal Rc6g2]} 25. R1e2 {Active counter play!} fxe5 {[%cal Oh4h3]} 26. Nxe5 Qc5 {[%cal Oh4h3]} 27. Qf2 {Strongly threatening Nf7.} Rh6 28. h3 Rf6 {This costs Black the game.} (28... Rd6 $16) 29. Qxh4 $18 (29. Nxd7 Rxf2 30. Nxc5 Rf5 $16) 29... Re8 {[#]} (29... a5 {is a better defense.} 30. Qg3 Re8) 30. Nd3 $1 {[%mdl 512]} Qxe3+ 31. Rxe3 Rxe3 32. Qh8+ ({Weaker is} 32. Nxb4 Rg6 $16) 32... Kc7 {[#]} 33. Qxg7 $1 Rf5 {[#]} (33... Rd6 34. Nf4) 34. Qg4 $1 Be4 {[#]} (34... Rf7 35. Qh5 Ree7 36. Nxb4 Kb8) (34... Rf8 35. Qg5) 35. Nc5 $1 {[%mdl 512] White is clearly winning.} Bb1 (35... Rxc5 36. Qf4+) 36. Qd4 Re1+ 37. Kh2 d6 38. Nxa6+ Kd7 39. c5 {Weighted Error Value: White=0.11 (very precise) /Black=0.35} 1-0

[Event "4NCL 2021-22"]
[Site "England"]
[Date "2022.03.26"]
[Round "5.2"]
[White "Clarke, Brandon G I"]
[Black "Lupulescu, Constantin"]
[Result "1/2-1/2"]
[WhiteElo "2430"]
[BlackElo "2620"]
[Annotator "TA"]
[PlyCount "114"]
[EventDate "2021.11.27"]
[EventType "team-tourn"]
[EventCountry "ENG"]
[SourceTitle "playchess.com"]
[Source "ChessBase"]
[SourceQuality "1"]

{[%evp 22,114,45,34,36,37,71,17,41,51,41,50,42,58,39,0,0,0,0,-12,0,0,0,0,0,0,19,21,12,-13,-17,-14,-22,-29,-31,-44,-36,-127,-111,-112,-56,-67,-49,-55,-19,-19,-19,-19,-19,-19,-22,-22,-22,-20,-23,-24,-25,-40,0,0,0,0,0,0,0,0,0,0,0,0,0,0,0,0,0,0,0,0,0,0,0,0,0,0,0,0,0,0,0,0,0,0,0,0,0]} 1. e4 c5 2. Nf3 d6 3. d4 cxd4 4. Nxd4 Nf6 5. Nc3 Nc6 6. Bg5 e6 7. Qd2 a6 8. O-O-O Bd7 9. f4 {[%cal Bf2f4,Bf4f5][%mdl 32]} Be7 10. Nf3 b5 11. Bxf6 gxf6 12. f5 Qa5 {B69: Sicilian: Richter-Rauzer: 7...a6 8 0-0-0 Bd7 9 f4 Be7 10 Nf3 b5 11 Bxf6.} 13. Kb1 Rc8 14. g3 ({White should try} 14. Qh6 $16) 14... b4 {[#]} 15. fxe6 $1 fxe6 16. Ne2 Ne5 {[#]} 17. Ned4 $146 ({Predecessor:} 17. Nxe5 fxe5 18. Nc1 O-O 19. Nd3 Qb6 20. Bh3 Qb5 21. Qxb4 Qc6 22. Qb3 Rf6 23. Rhe1 {1-0 (34) Chylewski,P (2087)-Grela,K (2296) Szklarska Poreba 2016}) 17... O-O 18. Bh3 (18. Qe2 $14) 18... Nxf3 $11 19. Nxf3 Qh5 $36 {[%csl LRf3,LRh3][%mdl 2048] Black has good play.} 20. Qg2 Rc5 21. Nd4 {[%cal Bf3d4,Bd4e2,Be2f4][%mdl 32]} Re5 22. Rhe1 a5 {[%cal Ba6a5,Ba5a4,Ba4b3][%mdl 32]} 23. Ne2 a4 {[%cal Ob4b3]} 24. Nf4 Qf7 25. Nd5 b3 $1 26. Nxe7+ Qxe7 27. cxb3 ({Much worse is} 27. axb3 axb3 28. cxb3 Be8 $17) 27... axb3 28. Qd2 Bc6 29. Qxd6 (29. Qf4 $15) 29... Bxe4+ $17 30. Ka1 Qxd6 (30... Re8 $17) 31. Rxd6 $15 f5 {Threatens to win with ...Rc8.} 32. Ra6 $1 Rd5 {Hoping for ...Rd2.} 33. axb3 {[#]} (33. Rxe6 Rfd8 34. Rc6 Ra5 35. a3 Bxc6 36. Bf1 Rc5 37. h4 Be4 38. Ba6 Rd7) 33... Rd6 $1 {[%cal Rd6a6]} 34. Ra3 Rfd8 35. Bg4 {[%cal Oa1a2] Prevents Rd1+.} Rd2 36. b4 $1 R8d4 37. Bf3 Rxb4 38. Bxe4 fxe4 $11 {[%mdl 4096] Endgame KRR-KRR} 39. Ra7 Rdxb2 40. Rc1 {[%cal Rc1c8] The position is equal.} Rb8 {To avoid Rc8+} 41. Rc8+ $1 Rxc8 42. Kxb2 {KR-KR} Rc4 43. Kb3 Rc1 44. Re7 Rc6 45. Rd7 Rc5 46. Re7 e5 47. Kb4 Kf8 48. Rxh7 Rd5 49. Kc3 e3 50. Rh4 Rd4 51. Rxd4 exd4+ {KPP-KPP} 52. Kd3 (52. Kxd4 e2 53. g4 e1=Q 54. g5 Qd2+ 55. Kc4 Qxg5 56. Kd4 Qh4+ 57. Kd3 Ke7 58. h3 Kd6 59. Kc2 Kc5 60. Kd3 Qf4 61. Kc3 Qe3+ 62. Kb2 Kc4 63. h4 Qf2+ 64. Kc1 Kc3 65. h5 Qg1#) 52... Kf7 53. h4 Kg6 {( -> ...Kh5)} 54. g4 Kf6 55. h5 Kg5 56. Ke2 Kh6 57. Kf3 Kg5 {Weighted Error Value: White=0.09 (flawless) /Black=0.06 (flawless)} 1/2-1/2

[Event "4NCL 2021-22"]
[Site "England"]
[Date "2022.03.26"]
[Round "5.3"]
[White "Parligras, Mircea-Emilian"]
[Black "Hebden, Mark L"]
[Result "1/2-1/2"]
[WhiteElo "2575"]
[BlackElo "2455"]
[Annotator "TA"]
[PlyCount "73"]
[EventDate "2021.11.27"]
[EventType "team-tourn"]
[EventCountry "ENG"]
[SourceTitle "playchess.com"]
[Source "ChessBase"]
[SourceQuality "1"]

{[%evp 14,73,39,41,31,29,23,3,21,30,34,39,41,33,36,45,33,21,45,27,23,40,55,51,39,22,15,12,6,7,23,7,43,38,46,46,100,102,95,30,61,35,35,13,18,8,8,8,8,0,0,0,0,0,0,0,0,0,0,0,0,0]} 1. d4 Nf6 2. c4 g6 3. Nc3 Bg7 4. e4 d6 5. h3 O-O 6. Be3 c5 7. Nf3 cxd4 8. Nxd4 (8. Qxd4 Ng4 $1 9. Qd2 Nxe3 10. Qxe3 Qb6 $15) 8... a6 {E90: King's Indian: Classical: Early deviations and 6 h3.} 9. Qd2 (9. Be2 {is more complex.} Nc6 10. O-O Bd7 11. a4 Rc8 12. b3) 9... Nc6 10. Be2 Nxd4 (10... Qa5 $5 {[%cal Rc6d4]}) 11. Bxd4 Be6 12. O-O Qa5 {[%cal Of6e4]} 13. Qe3 {[#]} Nd7 $146 ({Predecessor:} 13... Rfc8 14. b3 b5 15. cxb5 axb5 16. Nxb5 Rab8 17. a4 Qb4 18. Rab1 Bd7 19. Bc4 Bxb5 20. axb5 {1-0 (37) James,D (2130)-Heap,G Cardiff 2009}) 14. Bxg7 Kxg7 15. Rac1 Rfc8 16. Nd5 Bxd5 17. exd5 Nf6 18. a3 ({Much weaker is} 18. Qxe7 Re8 19. Qxb7 Rab8 $11) 18... Qc5 19. Qd2 ({And not} 19. Qxe7 Re8 20. Qxb7 Ra7 $17) 19... a5 20. b4 axb4 21. axb4 Qa7 22. Rfe1 Rc7 {[%cal Ob7b5]} (22... b5 $5) 23. Bf1 h5 24. Rcd1 Qa3 {[#]} (24... Qa4 $14) 25. Re3 $1 $16 Qa4 26. Rde1 ({White should play} 26. b5 $16) 26... b5 $11 27. cxb5 ({Much worse is} 27. Rxe7 Rxe7 28. Rxe7 bxc4 $11) (27. g4 {seems wilder.} hxg4 28. hxg4 bxc4 29. g5 Nh5 30. Be2) 27... Qa2 28. Qxa2 (28. Qd3 $5 {[%cal Rb5b6]} Qxd5 29. Rxe7 Qxd3 30. Bxd3 Rxe7 31. Rxe7 $14) 28... Rxa2 {[%cal Ba8a2,Ba2b2,Bb2b4][%mdl 32] The position is equal.} 29. Rxe7 Rxe7 30. Rxe7 $14 {[%mdl 4096] Endgame KRB-KRN} Rb2 31. b6 Rxb4 32. b7 {aiming for Ba6.} Nxd5 33. Rd7 {[%cal Of1c4]} Nf6 34. Rc7 Nd5 35. Rd7 {Threatens to win with Ba6.} Nf6 36. Rc7 {Hoping for Bc4.} Nd5 37. Rd7 {Weighted Error Value: White=0.08 (flawless) /Black=0.06 (flawless)} 1/2-1/2